000 00211nam a22000857a 4500
008 160711b xxu||||| |||| 00| 0 eng d
100 _92556
_a Kashyap, S.C
245 _aOur Parliament
260 _aNew York
_b NBT
_c1989
999 _c2222
_d2222